Speak out : pre-intermediate. teacher´s book. with resources and assessment disc /
Guardado en:
| Autor Principal: | |
|---|---|
| Otros Autores: | , |
| Formato: | Libro |
| Publicado: |
Edimburgo :
Pearson,
2015
|
| Materias: | |
| Etiquetas: |
Agregar Etiqueta
Sin Etiquetas, Sea el primero en etiquetar este registro!
|
| LEADER | 00645nam a22002055a 4500 | ||
|---|---|---|---|
| 001 | CEM.cems014930 | ||
| 005 | 20180523143631.0 | ||
| 008 | 130507s2015##################000#0#####d | ||
| 003 | CEMS | ||
| 020 | |a 9781292120164 | ||
| 082 | 0 | 4 | |a 428.64 |
| 100 | 1 | |a Parsons, Jenny | |
| 245 | 1 | 0 | |a Speak out : |b pre-intermediate. teacher´s book. with resources and assessment disc / |c Jenny Parsons, Matthew Duffy y Nick Witherick |
| 260 | |a Edimburgo : |b Pearson, |c 2015 | ||
| 300 | |a 204 p. | ||
| 653 | |a Inglés | ||
| 653 | |a Texto- inglés | ||
| 700 | 1 | |a Duffy, Matthew | |
| 700 | 1 | |a Witherick, Nick | |
| 859 | |a CEMS |b BIB. CEMS - 11 de abril |h 428.64 |i C541 |p 27521.18 |t Ej.1 | ||
